Normal view
MARC view
- De Jesus, Evangeline M.
Entry Personal Name
001 - CONTROL NUMBER
- control field: 2078
003 - CONTROL NUMBER IDENTIFIER
- control field: URS
005 - DATE AND TIME OF LATEST TRANSACTION
- control field: 20220822135318.0
008 - FIXED-LENGTH DATA ELEMENTS
- fixed length control field: 220822|| aca||aabn | a|a d
040 ## - CATALOGING SOURCE
- Original cataloging agency: URS
100 ## - HEADING--PERSONAL NAME
- Personal name: De Jesus, Evangeline M.
- Relator term: author